01014cam a2200277 a 45000010008000000030006000080050017000140080041000310100017000720200015000890200022001040400018001260500022001440820020001661000021001862450166002072600052003733000021004255000037004466500017004836500054005006500050005546500049006046500047006537000036007004362924GBCCL20241126110500.0900724s1990 cau 000 0 eng  a 90044573  a0830714324 a0830714596 (pbk.) aDLCcDLCdDLC00aBV4907b.H38 199000a248.86220bHAY1 aHayford, Jack W.10aI'll hold you in heaven :bhealing and hope for the parent who has lost a child through miscarriage, stillbirth, abortion, or early infant death /cJack Hayford. aVentura, Calif., U.S.A. :bRegal Books,cc1990. a124 p. ;c18 cm. aRev. ed. of: Early flight. 1986. 0aConsolation. 0aChildrenxDeathxReligious aspectsxChristianity. 0aMiscarriagexReligious aspectsxChristianity. 0aStillbirthxReligious aspectsxChristianity. 0aAbortionxReligious aspectsxChristianity.1 aHayford, Jack W.tEarly flight.